| 000 | 01463cam a2200337 a 4500 | ||
|---|---|---|---|
| 001 | 4794447 | ||
| 005 | 20220326193310.0 | ||
| 008 | 040609s2003 pn a b 000 0 spa c | ||
| 020 | _a9962886600 | ||
| 035 | _a(OCoLC)ocm55649151 | ||
| 035 | _a(NNC)4794447 | ||
| 040 |
_aUBY _cUBY |
||
| 042 | _apcc | ||
| 043 | _ancpn--- | ||
| 082 |
_a700.972.87 _bP861c |
||
| 100 |
_aPedro Luis Prados et all _92027 |
||
| 245 | 0 | 0 |
_aCien años de arte en Panamá, 1903-2003 / _c[editoras, Carmen Alemán y Angela de Picardi ; autores, Pedro Luis Prados ... et al. ; fotografías, Alfredo Máiquez]. |
| 246 | 3 | _a100 años de arte en Panamá, 1903-2003 | |
| 260 |
_a[Panamá] : _bMuseo de Arte Contemporáneo, _c[2003?] |
||
| 300 |
_a167 p. : _bill. (some col.) ; _c29 cm. |
||
| 500 | _aIncludes errata slip. | ||
| 500 | _aIncludes bibliographical references and index. | ||
| 505 | 0 | _aPintura en Panamá, 1870-1950 / Pedro Luis Prados -- Del cincuentenario a la invasión a la invasión, el arte contemporáneo en Panamá, 1950-1990 / Mónica Kupfer -- Hacia el gran cambio / Adrienne Samos -- Reseñas de una evolución artística / Angela de Picardi ... [et al.]. | |
| 650 | 0 |
_aArt, Panamanian _y20th century. _92028 |
|
| 700 | 1 |
_aAlemán, Carmen. _92029 |
|
| 700 | 1 |
_aPicardi, Angela de. _92030 |
|
| 700 | 1 |
_aPrados, Pedro Luis, _d1941- _92031 |
|
| 700 | 1 |
_aMáiquez, Alfredo. _92032 |
|
| 710 | 2 |
_aMuseo de Arte Contemporáneo (Panama, Panama) _92033 |
|
| 999 |
_c422 _d422 |
||